| 000 | 00500nam a2200181Ia 4500 | ||
|---|---|---|---|
| 003 | GCL | ||
| 008 | 140319s9999 xx 000 0 eng d | ||
| 040 |
_aGCL / _cGCL |
||
| 082 | 0 | 4 |
_a210.6 _bA M |
| 100 | 1 | _aFAHMY, ALY M. | |
| 245 | 1 | 0 |
_aMUSLIM SEA - POWER IN THE EASTERN MEDI9TERRANCAN / _cFAHMY, ALY M. |
| 260 |
_a[S.N] : _bGENERAL EGYPTIAN BOOK ORGANITION ، _c1980 |
||
| 300 | _a212 P | ||
| 650 | 0 | 4 | _aMEDITERRANEAN SEA |
| 650 | 0 | 4 | _aNAVY |
| 650 | 0 | 4 | _aISLAM - CIVILIZATION |
| 942 |
_2ddc _cBK |
||
| 999 |
_c16674 _d16674 |
||